01538nam a2200181Ia 4500008004100000020001500041050002100056100003200077245006000109260003100169300003500200490003400235500002300269504003200292505097700324650004201301650001301343120626s1994 sp a 000 0 spa d a8475098649 aLB1725.E8b I53  aImbernón Franciscoeautor aLa formación del profesorado c/ Francisco Imbernón aEspañab: Paidósc1994 a161 páginasb: ilustraciones aPapeles de pedagogía v: 11 areimpresión 1997 6Bibliografía pp.153 - 155 aEvolución del concepto de formación permanente El profesor, sus modelos de formación y sus funciones Innovación, objetivos y obstaculos en la formación permanente del profesorado La formación permanente del profesorado y la diversidad profesional de los enseñantes Comonentes en la formación del profesorado La formación permanente como política de perfeccionamiento La formación permanente del profesorado y la renovación pedagógica Tendencias actuales de la formación permanente del profesorado La formación permanente del profesorado y su metodología de la transmisión Actualidad de la formación permanente del profesorado en el estado español La formación permanente permanente del profesorado en diversos países La formación de los formadores responsables de la formación del profesorado Epílogo recopilación legislativa sobre la formación del profesorado desde 1980 Direcciones útiles aMAESTROSxCAPACITACIÓN DEzESPAÑA aDOCENCIA